000
00296nam a22001217a 4500
999
_c
13925
_d
13925
020
_a
9789811238420
082
_a
658
100
_a
Inderjit Singh Dhaliwal
245
_a
The Art and Science of Entrepreneurship
260
_a
Singapore
_b
World Scientific
_c
2022
300
_a
494 pages
942
_c
BK